Compendium of All Philosophies : The <i>Sarvadarśanasaṃgraha</i> Translated /
The Sarvadarśanasaṃgraha presents sixteen philosophical systems known to its 14th century author. The first and so far only English translation of the whole of the Sarvadarśanasaṃgraha dates from the nineteenth century, when few of the source texts used by its author were accessible. This new transl...
مؤلفون آخرون:
التنسيق: كتاب الكتروني
اللغة: English
منشور في:
Leiden ; Boston :
Brill,
2025.
سلاسل:
Asian Studies E-Books Online, Collection 2025.
Brill's Indological Library ;
62.
الموضوعات:
الوصول للمادة أونلاين: Login to view Source
الوسوم: إضافة وسم
رقم الطلب: DS501
| LEADER | 02173nam a22004938i 4500 | ||
|---|---|---|---|
| 001 | BRILL9789004723450 | ||
| 003 | nllekb | ||
| 005 | 20250326200246.0 | ||
| 006 | m d | ||
| 007 | cr un uuuua | ||
| 008 | 241210s2025 gw sb 001 0 eng d | ||
| 020 | |a 9789004723450 |q (electronic book) | ||
| 020 | |z 9789004722675 |q (print) | ||
| 024 | 7 | |a 10.1163/9789004723450 |2 DOI | |
| 035 | |z (OCoLC)1460454980 | ||
| 040 | |a NL-LeKB |c NL-LeKB |e rda | ||
| 041 | |a eng | ||
| 050 | 4 | |a DS501 | |
| 072 | 7 | |a HPDF |2 bicssc | |
| 072 | 7 | |a PHI |x 003000 |2 bisacsh | |
| 082 | 0 | 4 | |a 950 |2 23 |
| 245 | 0 | 0 | |a Compendium of All Philosophies : |b The <i>Sarvadarśanasaṃgraha</i> Translated / |c edited by Johannes Bronkhorst. |
| 246 | 3 | |a The <i>Sarvadarśanasaṃgraha</i> Translated | |
| 264 | 1 | |a Leiden ; |a Boston : |b Brill, |c 2025. | |
| 264 | 4 | |c ©2025 | |
| 300 | |a 1 online resource (600 pages) : |b illustrations. | ||
| 336 | |a text |b txt |2 rdacontent | ||
| 337 | |a computer |b c |2 rdamedia | ||
| 338 | |a online resource |2 rdacarrier | ||
| 490 | 1 | |a Asian Studies E-Books Online, Collection 2025 | |
| 490 | 1 | |a Brill's Indological Library ; |v 62 | |
| 504 | |a Includes bibliographical references and index. | ||
| 520 | |a The Sarvadarśanasaṃgraha presents sixteen philosophical systems known to its 14th century author. The first and so far only English translation of the whole of the Sarvadarśanasaṃgraha dates from the nineteenth century, when few of the source texts used by its author were accessible. This new translation will rectify numerous current incorrect interpretations and misunderstandings of the text. | ||
| 546 | |a English | ||
| 588 | |a Description based on print version record. | ||
| 650 | 0 | |a Asian Studies. | |
| 650 | 0 | |a Religion. | |
| 700 | 1 | |a Bronkhorst, Johannes, |e editor. | |
| 776 | 0 | 8 | |i Print version: |t Compendium of All Philosophies : The <i>Sarvadarśanasaṃgraha</i> Translated. |d Leiden ; Boston : Brill, 2025. |z 9789004722675 |
| 830 | 0 | |a Asian Studies E-Books Online, Collection 2025. | |
| 830 | 0 | |a Brill's Indological Library ; |v 62. | |
| 856 | 4 | |z DOI: |u http://dx.doi.org/10.1163/9789004723450 | |
| 942 | |2 lcc |c EBOOK | ||
| 999 | |c 60705 |d 60705 | ||
